000 00897nam a22003137a 4500
001 BR7806763
003 BR-BrBNA
005 20230928085753.0
007 ta
008 230509b bl.||||| |||| 00| 0 por d
040 _aBR-BrBNA
_bpor
_cBiblioteca Nacional de Agricultura
041 _a(Por)
072 _aE70
_b/G514
090 _ E70 BR7806763
100 1 _aSchauenburg, J.R.
100 1 _aBanzzatto, A.C.
110 1 _aSecretaria de Estado da Industria e Comercio, Curitiba, PR (Brasil). Coordenadoria de Desenvolvimento Comercial
_98857
245 1 _aComercializacao paranaense por cabotagem [Brasil]
260 3 _aCuritiba, PR (Brasil):
_c1978.
300 _a63 p.
500 _a6 ref.
650 _aCOMERCIO POR CABOTAGEM
650 _aIMPORTACAO
650 _aEXPORTACAO
650 _aPORTO
650 _aPARANA
909 _a202309
_bLucia
_c55
_dLucia Elande
942 _cBK
999 _c26231
_d26231